<?xml version="1.0" encoding="UTF-8"?>
<record
    xmlns:xsi="http://www.w3.org/2001/XMLSchema-instance"
    xsi:schemaLocation="http://www.loc.gov/MARC21/slim http://www.loc.gov/standards/marcxml/schema/MARC21slim.xsd"
    xmlns="http://www.loc.gov/MARC21/slim">

  <leader>01701nam a22002057a 4500</leader>
  <datafield tag="952" ind1=" " ind2=" ">
    <subfield code="0">0</subfield>
    <subfield code="1">0</subfield>
    <subfield code="4">0</subfield>
    <subfield code="7">0</subfield>
    <subfield code="a">23</subfield>
    <subfield code="b">23</subfield>
    <subfield code="d">2019-07-02</subfield>
    <subfield code="l">0</subfield>
    <subfield code="o">RT71 L43</subfield>
    <subfield code="p">23 003111</subfield>
    <subfield code="r">2019-07-02</subfield>
    <subfield code="t">1</subfield>
    <subfield code="w">2019-07-02</subfield>
    <subfield code="y">LB</subfield>
  </datafield>
  <datafield tag="952" ind1=" " ind2=" ">
    <subfield code="0">0</subfield>
    <subfield code="1">0</subfield>
    <subfield code="4">0</subfield>
    <subfield code="7">0</subfield>
    <subfield code="a">23</subfield>
    <subfield code="b">23</subfield>
    <subfield code="d">2019-07-02</subfield>
    <subfield code="l">5</subfield>
    <subfield code="o">RT71 L43</subfield>
    <subfield code="p">23 003112</subfield>
    <subfield code="r">2025-08-15</subfield>
    <subfield code="s">2025-08-13</subfield>
    <subfield code="t">2</subfield>
    <subfield code="w">2019-07-02</subfield>
    <subfield code="y">LB</subfield>
  </datafield>
  <datafield tag="952" ind1=" " ind2=" ">
    <subfield code="0">0</subfield>
    <subfield code="1">0</subfield>
    <subfield code="4">0</subfield>
    <subfield code="7">0</subfield>
    <subfield code="a">23</subfield>
    <subfield code="b">23</subfield>
    <subfield code="d">2019-07-02</subfield>
    <subfield code="l">12</subfield>
    <subfield code="o">RT71 L43</subfield>
    <subfield code="p">23 003113</subfield>
    <subfield code="r">2024-09-11</subfield>
    <subfield code="s">2023-10-11</subfield>
    <subfield code="t">3</subfield>
    <subfield code="w">2019-07-02</subfield>
    <subfield code="y">LB</subfield>
  </datafield>
  <datafield tag="952" ind1=" " ind2=" ">
    <subfield code="0">0</subfield>
    <subfield code="1">0</subfield>
    <subfield code="4">0</subfield>
    <subfield code="7">0</subfield>
    <subfield code="a">23</subfield>
    <subfield code="b">23</subfield>
    <subfield code="d">2019-07-02</subfield>
    <subfield code="l">12</subfield>
    <subfield code="m">2</subfield>
    <subfield code="o">RT71 L43</subfield>
    <subfield code="p">23 003114</subfield>
    <subfield code="r">2025-01-30</subfield>
    <subfield code="s">2023-10-11</subfield>
    <subfield code="t">4</subfield>
    <subfield code="w">2019-07-02</subfield>
    <subfield code="y">LB</subfield>
  </datafield>
  <datafield tag="952" ind1=" " ind2=" ">
    <subfield code="0">0</subfield>
    <subfield code="1">2</subfield>
    <subfield code="2">lcc</subfield>
    <subfield code="4">0</subfield>
    <subfield code="7">0</subfield>
    <subfield code="a">23</subfield>
    <subfield code="b">23</subfield>
    <subfield code="d">2019-07-02</subfield>
    <subfield code="l">5</subfield>
    <subfield code="m">3</subfield>
    <subfield code="o">RT71 L43</subfield>
    <subfield code="p">23 003115</subfield>
    <subfield code="r">2020-04-13</subfield>
    <subfield code="s">2020-04-13</subfield>
    <subfield code="t">5</subfield>
    <subfield code="w">2019-07-02</subfield>
    <subfield code="y">LB</subfield>
  </datafield>
  <datafield tag="952" ind1=" " ind2=" ">
    <subfield code="0">0</subfield>
    <subfield code="1">0</subfield>
    <subfield code="4">0</subfield>
    <subfield code="7">0</subfield>
    <subfield code="a">23</subfield>
    <subfield code="b">23</subfield>
    <subfield code="d">2019-07-02</subfield>
    <subfield code="l">10</subfield>
    <subfield code="m">2</subfield>
    <subfield code="o">RT71 L43</subfield>
    <subfield code="p">23 003116</subfield>
    <subfield code="r">2024-09-09</subfield>
    <subfield code="s">2023-10-11</subfield>
    <subfield code="t">6</subfield>
    <subfield code="w">2019-07-02</subfield>
    <subfield code="y">LB</subfield>
  </datafield>
  <datafield tag="952" ind1=" " ind2=" ">
    <subfield code="0">0</subfield>
    <subfield code="1">0</subfield>
    <subfield code="4">0</subfield>
    <subfield code="7">0</subfield>
    <subfield code="a">23</subfield>
    <subfield code="b">23</subfield>
    <subfield code="d">2019-07-02</subfield>
    <subfield code="l">8</subfield>
    <subfield code="m">3</subfield>
    <subfield code="o">RT71 L43</subfield>
    <subfield code="p">23 003117</subfield>
    <subfield code="r">2025-01-22</subfield>
    <subfield code="s">2023-08-10</subfield>
    <subfield code="t">7</subfield>
    <subfield code="w">2019-07-02</subfield>
    <subfield code="y">LB</subfield>
  </datafield>
  <datafield tag="952" ind1=" " ind2=" ">
    <subfield code="0">0</subfield>
    <subfield code="1">0</subfield>
    <subfield code="4">0</subfield>
    <subfield code="7">0</subfield>
    <subfield code="a">23</subfield>
    <subfield code="b">23</subfield>
    <subfield code="d">2019-07-02</subfield>
    <subfield code="l">9</subfield>
    <subfield code="m">3</subfield>
    <subfield code="o">RT71 L43</subfield>
    <subfield code="p">23 003118</subfield>
    <subfield code="r">2024-01-15</subfield>
    <subfield code="s">2024-01-13</subfield>
    <subfield code="t">8</subfield>
    <subfield code="w">2019-07-02</subfield>
    <subfield code="y">LB</subfield>
  </datafield>
  <datafield tag="952" ind1=" " ind2=" ">
    <subfield code="0">0</subfield>
    <subfield code="1">0</subfield>
    <subfield code="4">0</subfield>
    <subfield code="7">0</subfield>
    <subfield code="a">23</subfield>
    <subfield code="b">23</subfield>
    <subfield code="d">2019-07-02</subfield>
    <subfield code="l">7</subfield>
    <subfield code="m">1</subfield>
    <subfield code="o">RT71 L43</subfield>
    <subfield code="p">23 003119</subfield>
    <subfield code="r">2025-09-03</subfield>
    <subfield code="s">2024-08-16</subfield>
    <subfield code="t">9</subfield>
    <subfield code="w">2019-07-02</subfield>
    <subfield code="y">LB</subfield>
  </datafield>
  <datafield tag="999" ind1=" " ind2=" ">
    <subfield code="c">104299</subfield>
    <subfield code="d">104299</subfield>
  </datafield>
  <controlfield tag="008">190702s2016    mx a|||| |||| 000 0 spa d</controlfield>
  <datafield tag="020" ind1=" " ind2=" ">
    <subfield code="a">9789681854065</subfield>
  </datafield>
  <datafield tag="050" ind1=" " ind2="4">
    <subfield code="a">RT71</subfield>
    <subfield code="b">L43</subfield>
  </datafield>
  <datafield tag="100" ind1="1" ind2=" ">
    <subfield code="a">Ledesma P&#xE9;rez, Mar&#xED;a del Carmen</subfield>
    <subfield code="e">autor</subfield>
  </datafield>
  <datafield tag="245" ind1="1" ind2="0">
    <subfield code="a">Fundamentos de enfermer&#xED;a</subfield>
    <subfield code="c">/  Mar&#xED;a del Carmen Ledesma P&#xE9;rez </subfield>
  </datafield>
  <datafield tag="260" ind1="3" ind2=" ">
    <subfield code="a">M&#xE9;xico</subfield>
    <subfield code="b">: Limusa</subfield>
    <subfield code="c">, 2016</subfield>
  </datafield>
  <datafield tag="300" ind1=" " ind2=" ">
    <subfield code="a">369 p&#xE1;ginas</subfield>
  </datafield>
  <datafield tag="500" ind1=" " ind2=" ">
    <subfield code="a">Incluye ap&#xE9;ndice (359-365)</subfield>
  </datafield>
  <datafield tag="504" ind1=" " ind2=" ">
    <subfield code="a">Incluye bibliograf&#xED;a general (pp. 367-369)</subfield>
  </datafield>
  <datafield tag="505" ind1="1" ind2=" ">
    <subfield code="a">La enfermer&#xED;a como profesi&#xF3;n
Filosof&#xED;a en la enfermer&#xED;a
La formaci&#xF3;n de la enfermer&#xED;a
El hombre
&#xBF;Qu&#xE9; es el hombre?
Proceso salud-enfermedad
El hospital, una necesidad en la vida humana
El paciente como persona
Valoraci&#xF3;n del estado de salud del paciente
Examen f&#xED;sico y recolecci&#xF3;n de muestras para estudio
Manejo de f&#xE1;rmacos en el hospital
Necesidades para la supervivencia del hombre
Necesidad de higiene
Necesidad de descanso y alivio del dolor
Necesidades de movimiento y ejercicio
Necesidad de seguridad y protecci&#xF3;n
Necesidades b&#xE1;sicas del hombre
Necesidad de ox&#xED;geno
Necesidad de alimentaci&#xF3;n
Necesidad de eliminaci&#xF3;n
Necesidad de hidrataci&#xF3;n
Necesidad de termorregulaci&#xF3;n
Necesidades adquiridas
Asistencia al enfermo terminal y a su familia
Proceso de atenci&#xF3;n de enfermer&#xED;a, trabajo en equipo</subfield>
  </datafield>
  <datafield tag="519" ind1=" " ind2=" ">
    <subfield code="a">Plan UNAM 7o semestre / </subfield>
    <subfield code="b">Enfermer&#xED;a / </subfield>
    <subfield code="c">Investigaci&#xF3;n descriptiva en enfermer&#xED;a (1711) / </subfield>
    <subfield code="d">(23 003111, 23 003112, 23 003113, 23 003114, 23 003115, 23 003116, 23 003117, 23 003118, 23 003119)</subfield>
  </datafield>
  <datafield tag="650" ind1="1" ind2="4">
    <subfield code="a">ENFERMERIA</subfield>
    <subfield code="x">ESTUDIO Y ENSE&#xD1;ANZA</subfield>
  </datafield>
  <datafield tag="942" ind1=" " ind2=" ">
    <subfield code="c">LB</subfield>
  </datafield>
</record>
